000
00248nam a2200097Ia 4500
005
20251222114401.0
008
251222s1900||||xx |||||||||||||| ||spa||
082
_a
DVD0070/S51L/1948
245
0
_a
Ladrones de Bicicletas:Ladri di Biciclette
942
_c
DVD
999
_c
1627
_d
1627